00355nam a2200109 a 4500008004100000050001600041245008800057250001900145260003900164300001400203650002800217121122s1968 ||||||||||||||||| || u aJX 1395 The00aTheory of international relations: the crisis of relevancecedited by Abdul A. Said aSaid, Abdul A. aNew Jersey:bPrentice - Hallc1968 axii,191p. aINTERNATIONAL RELATIONS